000 00556nam a22002057a 4500
003 OSt
005 20140310182513.0
008 130311t xxu||||| |||| 00| 0 eng d
020 _a9780323073325
050 _aRC 78.4
_b.F828 2012
100 _aBallinger, Phillip W.
_97327
245 _aPocket guide to radiography /
_cPhilip W. Ballinger, Eugene D. Frank
250 _a12th ed.
260 _bMosby,
_cc2003.
300 _a355 p. :
_bill. ,
_c12 cm.
650 _aRadiography.
_97328
942 _2lcc
_cSSLC
999 _c13933
_d13933